000 01014nam a2200265 a 4500
001 000001759
005 20200929145705.0
008 090626s2008 sp 001 0 spa d
020 _a9788498900019
040 _aDO-SdBNP
245 0 0 _aComentarios a la ley de la lectura, del libro y de las bibliotecas (ley 10/2007, de 22 de junio) /
_cDirección y estudio preliminar Santiago Muñoz Machado...[et al.].
260 _aMadrid :
_bIustel,
_c2008.
300 _a473 p. ;
_c24 cm.
500 _aIncluye índice
500 _aIncluye notas al pie de páginas
700 1 _aBaño León, José maría
_95718
700 1 _aBoix Palop, Andrés
_95719
700 1 _aDescalzo González, Antonio
_95720
700 1 _aFernández Farreres, Germán
_95721
700 1 _aGarcía Fernádez, Javier
_95722
700 1 _aIzquierdo Carrasco, Manuel
_95723
700 1 _aMartínez Rivero, Alvaro
_95724
700 1 _aMestre Delgado, Juan Francisco Prieto de Pedro, Jesús
_95725
700 1 _aUreña Salcedo, Juan Antonio
_95726
999 _c1636
_d1636